|
|
|
|
| LEADER |
00736nam#a2200265#c#4500 |
| 001 |
UMA-000286 |
| 003 |
UMA |
| 005 |
20260512 182208 |
| 008 |
260512suuuu#### ##########||||#0#spa#d |
| 041 |
0 |
# |
|a spa
|
| 044 |
# |
# |
|a ag
|
| 082 |
0 |
4 |
|a SEDE CENTRAL F-684 BIO v.2
|
| 245 |
0 |
0 |
|a Biología general: parte 2
|
| 264 |
# |
0 |
|a Mendoza, Argentina
|b UMAZA
|c 2021
|
| 300 |
# |
# |
|b Fotocopia
|c 30 X 21 CM
|
| 336 |
# |
# |
|a texto
|b txt
|2 rdacontent
|
| 337 |
# |
# |
|a no mediado
|b n
|2 rdamedia
|
| 338 |
# |
# |
|a volumen
|b nc
|2 rdacarrier
|
| 500 |
# |
# |
|a Cuadernillo de la Cátedra de Biología General
|
| 650 |
# |
0 |
|a Biología
|
| 650 |
# |
0 |
|a Farmacia y bioquímica
|
| 650 |
# |
0 |
|a Célula
|
| 650 |
# |
0 |
|a Cuadernillo de biología
|
| 650 |
# |
0 |
|a Sede Central
|
| 650 |
# |
0 |
|a División celular
|